[Event "14. Torneo Club Ajedrez Villaverde"]
[Site "Madrid ESP"]
[Date "2011.04.04"]
[Round "1.1"]
[White "Galan Aguado, Fernando"]
[Black "Longa Yauca, Javier"]
[Result "0-1"]
[WhiteElo "1831"]
[BlackElo "2345"]
[PlyCount "54"]
[EventDate "2011.04.04"]
[EventType "swiss"]
[EventRounds "8"]
[EventCountry "ESP"]
[Source "lmi"]
[SourceDate "2011.04.04"]

1. d4 Nf6 2. Nf3 d6 3. Bf4 c6 4. h3 Qb6 5. Qc1 g6 6. Nbd2 Bf5 7. e3 Bg7 8. Bc4
O-O 9. O-O c5 10. c3 Nc6 11. Re1 Rad8 12. Bb3 Ne4 13. Nc4 Qa6 14. Ng5 e5 15.
dxe5 dxe5 16. Nxe4 Bxe4 17. Bg3 Bd3 18. Nd2 c4 19. Bc2 f5 20. f3 b5 21. a4 b4
22. e4 Bh6 23. Bd1 fxe4 24. fxe4 Qb6+ 25. Kh2 Kg7 26. a5 Qc5 27. cxb4 Qxb4 0-1

[Event "14. Torneo Club Ajedrez Villaverde"]
[Site "Madrid ESP"]
[Date "2011.04.04"]
[Round "1.2"]
[White "Gemy, Jose Daniel"]
[Black "Sierra Soria, Maria"]
[Result "1-0"]
[WhiteElo "2288"]
[BlackElo "1784"]
[PlyCount "59"]
[EventDate "2011.04.04"]
[EventType "swiss"]
[EventRounds "8"]
[EventCountry "ESP"]
[Source "lmi"]
[SourceDate "2011.04.04"]

1. d4 f5 2. Bg5 g6 3. h4 Bg7 4. Nf3 Nf6 5. Nbd2 O-O 6. c4 d6 7. Qc2 Nc6 8. d5
Ne5 9. Nxe5 dxe5 10. e4 e6 11. h5 h6 12. Bxf6 Qxf6 13. hxg6 Qxg6 14. Rh3 f4 15.
Rc3 Bd7 16. O-O-O Rac8 17. Ra3 exd5 18. cxd5 c6 19. d6 Qxd6 20. Nc4 Qc7 21.
Rxa7 Ra8 22. Rxd7 Qxd7 23. Nb6 Qd4 24. Qc4+ Qxc4+ 25. Bxc4+ Kh7 26. Rxa8 Rxa8
27. Nxa8 b5 28. Be6 c5 29. Nc7 b4 30. Bf5+ 1-0

[Event "14. Torneo Club Ajedrez Villaverde"]
[Site "Madrid ESP"]
[Date "2011.04.04"]
[Round "1.3"]
[White "Largo Barbero, Benito"]
[Black "Ortega Ruiz, Jose Miguel"]
[Result "0-1"]
[WhiteElo "1759"]
[BlackElo "2266"]
[PlyCount "78"]
[EventDate "2011.04.04"]
[EventType "swiss"]
[EventRounds "8"]
[EventCountry "ESP"]
[Source "lmi"]
[SourceDate "2011.04.04"]

1. e4 e5 2. f4 d5 3. exd5 exf4 4. Nf3 Bd6 5. Bc4 Ne7 6. Nc3 O-O 7. O-O Bg4 8.
d4 Nf5 9. Qd3 Qf6 10. Ne4 Qg6 11. Nxd6 cxd6 12. Bxf4 Nd7 13. Bb3 h5 14. c4 h4
15. Bc2 h3 16. g3 Qh5 17. Rf2 g6 18. b4 b6 19. Ng5 Qh8 20. Ba4 Nxd4 21. Raf1
Bf5 22. Qd1 b5 23. cxb5 Nb6 24. Bxd6 Nxa4 25. Qxa4 Rfd8 26. Bc5 Qe5 27. Bxd4
Qxd4 28. Qb3 Rd6 29. Qf3 Rxd5 30. Nxf7 Kxf7 31. g4 Rh8 32. gxf5 Rxf5 33. Qb7+
Kf6 34. Qc6+ Kg5 35. Qc1+ Kh4 36. Qd2 Rg5+ 37. Kh1 Qe4+ 38. Rf3 Rf8 39. Qf2+
Kh5 0-1

[Event "14. Torneo Club Ajedrez Villaverde"]
[Site "Madrid ESP"]
[Date "2011.04.04"]
[Round "1.4"]
[White "Ramirez Garcia, Jorge Alberto"]
[Black "Martinez Miura, Enrique"]
[Result "1-0"]
[WhiteElo "2264"]
[BlackElo "1717"]
[PlyCount "91"]
[EventDate "2011.04.04"]
[EventType "swiss"]
[EventRounds "8"]
[EventCountry "ESP"]
[Source "lmi"]
[SourceDate "2011.04.04"]

1. e4 e6 2. Qe2 Be7 3. d3 d6 4. f4 Nc6 5. Nf3 b6 6. g3 Bb7 7. Be3 Qd7 8. Bh3 d5
9. e5 O-O-O 10. d4 h5 11. Nbd2 Nh6 12. O-O-O g6 13. Kb1 Nf5 14. Bf2 Nb8 15. a3
Nc6 16. Ka2 Kb8 17. Rc1 Rc8 18. Rhd1 a5 19. Bf1 Ka7 20. Nb1 Ra8 21. Nc3 Kb8 22.
h3 Ba6 23. Qe1 Bxf1 24. Qxf1 Nb4+ 25. Kb1 Nc6 26. g4 hxg4 27. hxg4 Ng7 28. Qg2
Kb7 29. Rh1 Na7 30. Bh4 Bxh4 31. Rxh4 Rxh4 32. Nxh4 Nb5 33. Nxb5 Qxb5 34. c4
Qb3 35. Nf3 c6 36. cxd5 Qxd5 37. Qe2 Rh8 38. Ng5 Qd7 39. Qg2 Ne8 40. b4 axb4
41. axb4 Nc7 42. Nxf7 Qxf7 43. Qxc6+ Kb8 44. Qxb6+ Kc8 45. Qa6+ Kd8 46. Qd6+
1-0

[Event "14. Torneo Club Ajedrez Villaverde"]
[Site "Madrid ESP"]
[Date "2011.04.04"]
[Round "1.5"]
[White "Benitez Cadenas, Luis Miguel"]
[Black "Pastor Alonso De Prado, Emilio"]
[Result "0-1"]
[WhiteElo "1710"]
[BlackElo "2193"]
[PlyCount "64"]
[EventDate "2011.04.04"]
[EventType "swiss"]
[EventRounds "8"]
[EventCountry "ESP"]
[Source "lmi"]
[SourceDate "2011.04.04"]

1. d4 d5 2. c4 e6 3. g3 Nf6 4. Bg2 Be7 5. Nf3 O-O 6. O-O c6 7. Qc2 b6 8. Bf4
Ba6 9. Nbd2 Nbd7 10. Qa4 Bb7 11. Ne5 Nxe5 12. Bxe5 Nd7 13. Bf4 c5 14. cxd5 exd5
15. Bh3 Nf6 16. dxc5 bxc5 17. Rac1 Re8 18. Nb3 Qb6 19. Be3 d4 20. Nxd4 cxd4 21.
Bxd4 Qa6 22. Qc4 Qxc4 23. Rxc4 Bd5 24. Ra4 a5 25. Rc1 Ra6 26. Bf1 Bb4 27. e3
Rc6 28. Rd1 Bf3 29. Bb5 Bxd1 30. Rxb4 axb4 31. Bxc6 Rc8 32. Bb5 Bf3 0-1

[Event "14. Torneo Club Ajedrez Villaverde"]
[Site "Madrid ESP"]
[Date "2011.04.04"]
[Round "1.6"]
[White "Rodriguez De Castro, Ayar"]
[Black "Alcazar Mata, Jesus"]
[Result "1-0"]
[WhiteElo "2105"]
[BlackElo "1704"]
[PlyCount "87"]
[EventDate "2011.04.04"]
[EventType "swiss"]
[EventRounds "8"]
[EventCountry "ESP"]
[Source "lmi"]
[SourceDate "2011.04.04"]

1. d4 d5 2. c4 e6 3. Nf3 c6 4. e3 Nf6 5. b3 Bd6 6. Bd3 O-O 7. Nbd2 Nbd7 8. Bb2
Qe7 9. Ne5 c5 10. O-O b6 11. Qc2 Bb7 12. Nxd7 Qxd7 13. cxd5 Rac8 14. Qd1 cxd4
15. Bxd4 e5 16. Bb2 Nxd5 17. Nc4 Rfe8 18. Nxd6 Qxd6 19. Bf5 Rcd8 20. Rc1 Ne7
21. Qxd6 Rxd6 22. Bg4 f5 23. Bh5 Ng6 24. Rfd1 Rxd1+ 25. Rxd1 Bc6 26. Rd6 Rc8
27. Bxg6 hxg6 28. Bxe5 Be8 29. h3 Rc1+ 30. Kh2 Rc2 31. Kg3 Rxa2 32. Rd8 Kf7 33.
Rc8 Ra5 34. Rc7+ Ke6 35. Bxg7 Rb5 36. Bf8 a5 37. Re7+ Kf6 38. Rxe8 Rxb3 39. Ra8
Ke5 40. Be7 Kd5 41. Rg8 a4 42. Rxg6 a3 43. Bxa3 Rxa3 44. Rxb6 1-0

[Event "14. Torneo Club Ajedrez Villaverde"]
[Site "Madrid ESP"]
[Date "2011.04.04"]
[Round "1.10"]
[White "Lopez De Turiso, Jose Angel"]
[Black "Cerrato Gonzalez, Alvaro"]
[Result "1-0"]
[WhiteElo "2053"]
[BlackElo "1659"]
[PlyCount "61"]
[EventDate "2011.04.04"]
[EventType "swiss"]
[EventRounds "8"]
[EventCountry "ESP"]
[Source "lmi"]
[SourceDate "2011.04.04"]

1. e4 d5 2. exd5 Qxd5 3. Nc3 Qd6 4. Nf3 Nf6 5. Be2 a6 6. O-O Nc6 7. Re1 Bf5 8.
d3 O-O-O 9. a3 h6 10. b4 Nd4 11. Nxd4 Qxd4 12. Bb2 Qd6 13. Bf3 h5 14. Bxb7+
Kxb7 15. Qf3+ Kb8 16. Qxf5 e6 17. Qf3 Ng4 18. g3 Qb6 19. Re2 Be7 20. Rae1 Bf6
21. Na4 Qa7 22. Bxf6 gxf6 23. h3 f5 24. Nc5 Nf6 25. h4 Rd4 26. c3 Rg4 27. Rxe6
fxe6 28. Rxe6 c6 29. Qxc6 Qa8 30. Nd7+ Ka7 31. Qb6# 1-0

[Event "14. Torneo Club Ajedrez Villaverde"]
[Site "Madrid ESP"]
[Date "2011.04.04"]
[Round "1.11"]
[White "Urena Castellanos, Antonio"]
[Black "Alonso Aranzabal, Inigo"]
[Result "0-1"]
[WhiteElo "1637"]
[BlackElo "2052"]
[PlyCount "190"]
[EventDate "2011.04.04"]
[EventType "swiss"]
[EventRounds "8"]
[EventCountry "ESP"]
[Source "lmi"]
[SourceDate "2011.04.04"]

1. d4 Nf6 2. c4 g6 3. Nc3 Bg7 4. e4 O-O 5. f4 d6 6. Nf3 c5 7. d5 a6 8. Bd3 e6
9. O-O exd5 10. cxd5 b5 11. a3 Nbd7 12. Bd2 c4 13. Bc2 Qb6+ 14. Kh1 Ng4 15. Qe2
Re8 16. h3 Nh6 17. Be3 Nc5 18. Qf2 Bb7 19. Bd4 Qc7 20. Rae1 f6 21. Qh4 Nd7 22.
g4 Nf7 23. Qg3 Re7 24. h4 Rae8 25. h5 Nf8 26. Kg2 Qd7 27. Rh1 a5 28. hxg6 hxg6
29. Qh4 b4 30. axb4 axb4 31. Ba4 Qc8 32. Bxe8 Rxe8 33. Nd1 Qa8 34. Bxf6 Qa2 35.
Kg3 Qb3 36. Re3 Qc2 37. Nf2 Bxd5 38. Rh2 Bb7 39. Bxg7 Kxg7 40. Ng5 Qxb2 41.
Nxf7 Kxf7 42. Nh3 Qd4 43. Ng5+ Kg8 44. Rhe2 b3 45. Nf3 Qa1 46. f5 b2 47. Nd2
b1=Q 48. Nxb1 Qxb1 49. Qf6 Rxe4 50. Rxe4 Bxe4 51. Qd4 Qd3+ 52. Qe3 gxf5 53.
gxf5 Bxf5 54. Kf4 Ng6+ 55. Kg5 Qxe3+ 56. Rxe3 Bd3 57. Kf6 Ne5 58. Ke6 c3 59.
Rg3+ Kh7 60. Kxd6 c2 61. Rg1 Nf3 62. Rc1 Nd4 63. Kd5 Ne2 64. Rh1+ Kg6 65. Re1
c1=Q 66. Rxc1 Nxc1 67. Kd4 Bf5 68. Ke3 Kf6 69. Kd2 Nd3 70. Ke3 Ke5 71. Kd2 Kd4
72. Kc2 Kc4 73. Kd2 Nc5 74. Kc1 Kc3 75. Kd1 Bg4+ 76. Kc1 Bf5 77. Kd1 Nb3 78.
Ke2 Kd4 79. Kd1 Ke3 80. Ke1 Bc2 81. Kf1 Nd4 82. Ke1 Nf5 83. Kf1 Bd1 84. Ke1 Bg4
85. Kf1 Ng3+ 86. Ke1 Ne4 87. Kf1 Kd2 88. Kg2 Ke2 89. Kg1 Bh3 90. Kh2 Bf1 91.
Kg1 Ke1 92. Kh2 Kf2 93. Kh1 Nd2 94. Kh2 Nf3+ 95. Kh1 Bg2# 0-1

[Event "14. Torneo Club Ajedrez Villaverde"]
[Site "Madrid ESP"]
[Date "2011.04.04"]
[Round "1.12"]
[White "Fuentes Arjona, Antonio"]
[Black "Benito Mellado, Humberto"]
[Result "1-0"]
[WhiteElo "2011"]
[BlackElo "1619"]
[PlyCount "55"]
[EventDate "2011.04.04"]
[EventType "swiss"]
[EventRounds "8"]
[EventCountry "ESP"]
[Source "lmi"]
[SourceDate "2011.04.04"]

1. e4 c5 2. Nf3 d6 3. d4 cxd4 4. Nxd4 Nf6 5. Nc3 a6 6. Be2 e5 7. Nb3 b5 8. a3
Bb7 9. Bg5 Be7 10. Bxf6 Bxf6 11. Nd5 Nd7 12. O-O O-O 13. c4 bxc4 14. Bxc4 Nb6
15. Na5 Bxd5 16. Bxd5 Nxd5 17. Qxd5 Qb6 18. b4 Qd4 19. Rad1 Qxd5 20. Rxd5 Rfd8
21. Nc4 Rf8 22. Na5 Bd8 23. Nc4 Bc7 24. Nxd6 Bxd6 25. Rxd6 Rfd8 26. Rfd1 Rxd6
27. Rxd6 Ra7 28. Rd8# 1-0

[Event "14. Torneo Club Ajedrez Villaverde"]
[Site "Madrid ESP"]
[Date "2011.04.04"]
[Round "1.13"]
[White "Salgado Duarte, Pablo"]
[Black "Lopez Heras, Arturo"]
[Result "0-1"]
[WhiteElo "1554"]
[BlackElo "2002"]
[PlyCount "50"]
[EventDate "2011.04.04"]
[EventType "swiss"]
[EventRounds "8"]
[EventCountry "ESP"]
[Source "lmi"]
[SourceDate "2011.04.04"]

1. d4 Nf6 2. c4 c5 3. d5 b5 4. cxb5 a6 5. Nc3 axb5 6. Nxb5 Ba6 7. Nc3 g6 8. Nf3
Bg7 9. g3 O-O 10. Bg2 d6 11. O-O Nbd7 12. Re1 Ng4 13. e4 Qb6 14. Qc2 Nge5 15.
Nxe5 Nxe5 16. Rd1 Rfb8 17. b3 c4 18. Be3 cxb3 19. Qb2 Qc7 20. a3 Nd3 21. Rxd3
Bxd3 22. Rc1 Bc2 23. Bd2 Rc8 24. Nb5 Bxb2 25. Nxc7 Rxc7 0-1

[Event "14. Torneo Club Ajedrez Villaverde"]
[Site "Madrid ESP"]
[Date "2011.04.04"]
[Round "1.14"]
[White "Quintero Torres, Pedro"]
[Black "Veiga Rodriguez, Pablo"]
[Result "1-0"]
[WhiteElo "1979"]
[BlackElo "1517"]
[PlyCount "55"]
[EventDate "2011.04.04"]
[EventType "swiss"]
[EventRounds "8"]
[EventCountry "ESP"]
[Source "lmi"]
[SourceDate "2011.04.04"]

1. e4 c5 2. Nf3 g6 3. Bc4 Bg7 4. O-O d6 5. c3 Be6 6. Bxe6 fxe6 7. Qb3 Qd7 8.
Ng5 d5 9. exd5 exd5 10. Re1 e5 11. d4 c4 12. Qc2 e4 13. b3 h6 14. Nh3 cxb3 15.
axb3 b5 16. c4 Bxd4 17. Bb2 Qg7 18. Bxd4 Qxd4 19. Nc3 bxc4 20. bxc4 Qxc4 21.
Nf4 Nf6 22. Nfxd5 O-O 23. Nxf6+ Rxf6 24. Rxe4 Qc8 25. Qb3+ Kh8 26. Nd5 Ra6 27.
Qb2+ Kg8 28. Ne7+ 1-0

[Event "14. Torneo Club Ajedrez Villaverde"]
[Site "Madrid ESP"]
[Date "2011.04.04"]
[Round "1.15"]
[White "Martin Rodriguez, Jose L"]
[Black "Cruz Monzon, Jose"]
[Result "0-1"]
[WhiteElo "1484"]
[BlackElo "1974"]
[PlyCount "50"]
[EventDate "2011.04.04"]
[EventType "swiss"]
[EventRounds "8"]
[EventCountry "ESP"]
[Source "lmi"]
[SourceDate "2011.04.04"]

1. e4 c5 2. Nf3 Nc6 3. d4 cxd4 4. Nxd4 Nf6 5. Nc3 d6 6. Nxc6 bxc6 7. Bc4 e6 8.
Bg5 Be7 9. Qe2 Qa5 10. Bd2 Qc7 11. Bf4 e5 12. Bd2 O-O 13. f3 Bb7 14. O-O-O d5
15. Bd3 d4 16. Nb1 c5 17. Bc4 a5 18. a4 Rfb8 19. Na3 Bc6 20. Nb5 Qb6 21. Qd3
Ne8 22. Qb3 Bxb5 23. Bxf7+ Kh8 24. Bxe8 Bxe8 25. Qxb6 Rxb6 0-1

[Event "14. Torneo Club Ajedrez Villaverde"]
[Site "Madrid ESP"]
[Date "2011.04.04"]
[Round "1.16"]
[White "Camarero Izquierdo, Juan C"]
[Black "Rottenwoehrer, Christoph"]
[Result "0-1"]
[WhiteElo "1926"]
[BlackElo "1458"]
[PlyCount "94"]
[EventDate "2011.04.04"]
[EventType "swiss"]
[EventRounds "8"]
[EventCountry "ESP"]
[Source "lmi"]
[SourceDate "2011.04.04"]

1. d4 Nf6 2. Nc3 g6 3. e4 d6 4. f3 Bg7 5. Be3 O-O 6. Qd2 Nbd7 7. Bh6 e5 8. d5
Ne8 9. g4 Qh4+ 10. Kd1 Bxh6 11. Qg2 Kh8 12. Nge2 a6 13. Rg1 Be3 14. Rh1 b5 15.
Ng3 Nb6 16. Ke2 Bd4 17. Nd1 b4 18. Rc1 Na4 19. c3 bxc3 20. bxc3 Bb6 21. Nf2 Qh6
22. Nd3 Nb2 23. Nf5 gxf5 24. g5 Qh4 25. Nxb2 fxe4 26. h3 exf3+ 27. Qxf3 Qxg5
28. Kd1 Ng7 29. Rc2 Qh5 30. Be2 Qxf3 31. Bxf3 Nf5 32. Ke1 Nh4 33. Bh5 f5 34. c4
Bd4 35. Nd3 Rb8 36. Ke2 Rg8 37. Rh2 Rg2+ 38. Rxg2 Nxg2 39. Be8 f4 40. Bc6 Bxh3
41. Kf3 Ne3 42. Rh2 Bg4+ 43. Kf2 Rb1 44. Ne1 Rb2+ 45. Kg1 Nf1+ 46. Kxf1 Rxh2
47. Bb7 Be2# 0-1

[Event "14. Torneo Club Ajedrez Villaverde"]
[Site "Madrid ESP"]
[Date "2011.04.04"]
[Round "1.17"]
[White "Ojosnegros Martin, Angel"]
[Black "Perez Cameselle, Francisco"]
[Result "0-1"]
[WhiteElo "1403"]
[BlackElo "1907"]
[PlyCount "46"]
[EventDate "2011.04.04"]
[EventType "swiss"]
[EventRounds "8"]
[EventCountry "ESP"]
[Source "lmi"]
[SourceDate "2011.04.04"]

1. e4 c5 2. Nf3 Nc6 3. d4 cxd4 4. Nxd4 g6 5. Be3 Bg7 6. Nc3 Nf6 7. f3 O-O 8.
Qd2 d5 9. exd5 Nxd5 10. Nxc6 bxc6 11. O-O-O Be6 12. Bd4 Bxd4 13. Qxd4 Qa5 14.
Nxd5 cxd5 15. Kb1 Rfc8 16. Bd3 Rab8 17. b3 Rb4 18. Qa1 Qc5 19. Rc1 d4 20. h4 a5
21. g4 a4 22. Qb2 Rb6 23. Ka1 a3 0-1

[Event "14. Torneo Club Ajedrez Villaverde"]
[Site "Madrid ESP"]
[Date "2011.04.05"]
[Round "2.1"]
[White "Longa Yauca, Javier"]
[Black "Bote Kobolo, Benjamin"]
[Result "1-0"]
[WhiteElo "2345"]
[BlackElo "2017"]
[PlyCount "55"]
[EventDate "2011.04.04"]
[EventType "swiss"]
[EventRounds "8"]
[EventCountry "ESP"]
[Source "lmi"]
[SourceDate "2011.04.04"]

1. e4 d6 2. d4 Nf6 3. Nc3 Nc6 4. d5 Nb8 5. Nf3 a6 6. h3 Nbd7 7. Be3 g6 8. Be2
Bg7 9. a4 O-O 10. O-O Nc5 11. Nd2 e5 12. b4 Ncd7 13. Nc4 h6 14. Qd2 g5 15. h4
Nxe4 16. Nxe4 f5 17. hxg5 fxe4 18. gxh6 Bf6 19. f3 exf3 20. Bxf3 e4 21. Bxe4
Bxa1 22. Rxa1 Qh4 23. Qd4 Qf6 24. h7+ Kh8 25. Rf1 Qg7 26. Qxg7+ Kxg7 27. Bd4+
Nf6 28. Rxf6 1-0

[Event "14. Torneo Club Ajedrez Villaverde"]
[Site "Madrid ESP"]
[Date "2011.04.05"]
[Round "2.2"]
[White "Alonso Aranzabal, Inigo"]
[Black "Gemy, Jose Daniel"]
[Result "0-1"]
[WhiteElo "2052"]
[BlackElo "2288"]
[PlyCount "34"]
[EventDate "2011.04.04"]
[EventType "swiss"]
[EventRounds "8"]
[EventCountry "ESP"]
[Source "lmi"]
[SourceDate "2011.04.04"]

1. e4 c5 2. c3 d5 3. exd5 Qxd5 4. d4 g6 5. Nf3 Bg7 6. Na3 cxd4 7. Bc4 Qe4+ 8.
Be3 Nh6 9. Nb5 O-O 10. Nbxd4 e5 11. Bd3 Qg4 12. Bxh6 Bxh6 13. Nb5 e4 14. Be2
exf3 15. gxf3 Qg2 16. Rf1 Qxh2 17. Qb3 Bh3 0-1

[Event "14. Torneo Club Ajedrez Villaverde"]
[Site "Madrid ESP"]
[Date "2011.04.05"]
[Round "2.3"]
[White "Ortega Ruiz, Jose Miguel"]
[Black "Fuentes Arjona, Antonio"]
[Result "1-0"]
[WhiteElo "2266"]
[BlackElo "2011"]
[PlyCount "105"]
[EventDate "2011.04.04"]
[EventType "swiss"]
[EventRounds "8"]
[EventCountry "ESP"]
[Source "lmi"]
[SourceDate "2011.04.04"]

1. e4 c5 2. Nf3 Nc6 3. d4 cxd4 4. Nxd4 g6 5. Be3 Bg7 6. Nc3 Nf6 7. Bc4 O-O 8.
O-O Nxe4 9. Nxe4 d5 10. Nxc6 bxc6 11. Bd3 dxe4 12. Bxe4 Qc7 13. c3 Ba6 14. Re1
Rab8 15. Qa4 Bc8 16. Re2 Be5 17. Qxa7 Rb7 18. Qc5 Rb5 19. Qxc6 Bxh2+ 20. Kf1
Rh5 21. Qxc7 Bxc7 22. g3 Ba6 23. a4 Re5 24. Bf3 Rxe3 25. fxe3 Bxe2+ 26. Kxe2
Rb8 27. b4 Be5 28. Ra3 Rc8 29. Kd3 Bxg3 30. a5 Rd8+ 31. Ke2 Bb8 32. b5 Bd6 33.
Ra4 Rb8 34. a6 Bc5 35. a7 Bxa7 36. Rxa7 Rxb5 37. Rxe7 Kf8 38. Rb7 Rc5 39. Kd3
h5 40. c4 Rf5 41. Bd5 h4 42. Kd4 h3 43. Rb2 g5 44. Be4 Rf1 45. c5 Ke7 46. Rb7+
Kd8 47. Rb8+ Kc7 48. Rh8 g4 49. Ke5 Rc1 50. c6 Rf1 51. Rh7 Rf2 52. Rh4 f5 53.
Rh7+ 1-0

[Event "14. Torneo Club Ajedrez Villaverde"]
[Site "Madrid ESP"]
[Date "2011.04.05"]
[Round "2.4"]
[White "Perez Cameselle, Francisco"]
[Black "Ramirez Garcia, Jorge Alberto"]
[Result "0-1"]
[WhiteElo "1907"]
[BlackElo "2264"]
[PlyCount "76"]
[EventDate "2011.04.04"]
[EventType "swiss"]
[EventRounds "8"]
[EventCountry "ESP"]
[Source "lmi"]
[SourceDate "2011.04.04"]

1. Nf3 b6 2. g3 Bb7 3. Bg2 e5 4. O-O d6 5. d4 e4 6. Ng5 d5 7. c4 Be7 8. Nh3 c6
9. Nc3 f5 10. cxd5 cxd5 11. Nf4 Qd7 12. f3 Nf6 13. fxe4 dxe4 14. e3 Ba6 15. Re1
g5 16. Nh5 g4 17. Nxf6+ Bxf6 18. Bf1 Bxf1 19. Rxf1 Nc6 20. Qa4 O-O-O 21. Bd2
Bg5 22. Rac1 Kb7 23. Rc2 h5 24. Rfc1 Rh6 25. d5 Na5 26. Qxd7+ Rxd7 27. Ne2 Rxd5
28. Nd4 b5 29. b3 Kb6 30. Bxa5+ Kxa5 31. Kf2 h4 32. Rc6 hxg3+ 33. hxg3 Rh2+ 34.
Kg1 Bxe3+ 35. Kxh2 Bxc1 36. Nxf5 Bd2 37. Nd6 e3 38. Ne4 e2 0-1

[Event "14. Torneo Club Ajedrez Villaverde"]
[Site "Madrid ESP"]
[Date "2011.04.05"]
[Round "2.5"]
[White "Pastor Alonso De Prado, Emilio"]
[Black "Quintero Torres, Pedro"]
[Result "1-0"]
[WhiteElo "2193"]
[BlackElo "1979"]
[PlyCount "129"]
[EventDate "2011.04.04"]
[EventType "swiss"]
[EventRounds "8"]
[EventCountry "ESP"]
[Source "lmi"]
[SourceDate "2011.04.04"]

1. e4 c5 2. Nf3 e6 3. d4 cxd4 4. Nxd4 Nc6 5. Nxc6 bxc6 6. Bd3 d5 7. O-O Nf6 8.
Nd2 Be7 9. c4 O-O 10. Qc2 e5 11. cxd5 cxd5 12. exd5 Bb7 13. Bc4 Bxd5 14. b3 Rc8
15. Qf5 Bb4 16. Bxd5 Qxd5 17. Nc4 e4 18. Qf4 Nh5 19. Qh4 Bc3 20. Rb1 Nf6 21.
Be3 Rc7 22. Rfd1 Qh5 23. Qxh5 Nxh5 24. Nd6 Bb4 25. Nxe4 Rc2 26. a4 a5 27. Nd6
Nf6 28. Nc4 Ng4 29. Bb6 h5 30. Rbc1 Rxc1 31. Rxc1 Rc8 32. Rd1 Re8 33. Rd8 Rxd8
34. Bxd8 Bc5 35. Bb6 Bxb6 36. Nxb6 Ne5 37. Nc4 Nc6 38. Kf1 Kf8 39. Ke2 Ke7 40.
Kd3 Ke6 41. Ne3 g6 42. f4 f6 43. Kc4 g5 44. fxg5 fxg5 45. Kc5 Kd7 46. Nd5 h4
47. h3 Ne5 48. Nb6+ Kc7 49. Nc4 Nd3+ 50. Kd4 Ne1 51. Ne3 Kb6 52. Kc3 Kc5 53.
Kd2 Kd4 54. Nf5+ Ke4 55. Nxh4 gxh4 56. Kxe1 Ke3 57. Kf1 Kd3 58. g3 hxg3 59. Kg2
Kc3 60. h4 Kxb3 61. h5 Kxa4 62. h6 Kb3 63. h7 a4 64. h8=Q a3 65. Qa1 1-0

[Event "14. Torneo Club Ajedrez Villaverde"]
[Site "Madrid ESP"]
[Date "2011.04.05"]
[Round "2.6"]
[White "Garcia Martin, Juan Manuel"]
[Black "Rodriguez De Castro, Ayar"]
[Result "0-1"]
[WhiteElo "1872"]
[BlackElo "2105"]
[PlyCount "102"]
[EventDate "2011.04.04"]
[EventType "swiss"]
[EventRounds "8"]
[EventCountry "ESP"]
[Source "lmi"]
[SourceDate "2011.04.04"]

1. d4 e6 2. Nf3 d5 3. Bf4 Bd6 4. e3 Bxf4 5. exf4 Qd6 6. Qd2 Nf6 7. Bb5+ Bd7 8.
Bxd7+ Nbxd7 9. Ne5 Ne4 10. Qe2 Qb6 11. c3 Ndf6 12. Nd3 c5 13. dxc5 Nxc5 14.
Nxc5 Qxc5 15. O-O O-O 16. Nd2 Rac8 17. Nb3 Qd6 18. g3 Rc4 19. Rad1 Qb6 20. Rd4
Rfc8 21. Rxc4 Rxc4 22. Rd1 Re4 23. Qd2 Ra4 24. Nc1 Ne4 25. Qc2 Rc4 26. Nb3 g6
27. Rd4 Rc8 28. Qe2 h5 29. Rb4 Qc7 30. Kg2 h4 31. Nd2 Nd6 32. Qe5 a5 33. Rd4
Qc6 34. Kh3 Nf5 35. Nf3 hxg3 36. hxg3 Nxd4 37. Nxd4 Qc7 38. Qf6 Qd8 39. Qe5 Qe7
40. f5 gxf5 41. f4 Re8 42. Nf3 f6 43. Qd4 Kf7 44. Nh4 Rc8 45. Qd1 Rh8 46. Kg2
Qd7 47. Qb3 Qc6 48. Kf2 Qc5+ 49. Kg2 b5 50. a4 Qc4 51. Qa3 Qe2+ 0-1

[Event "14. Torneo Club Ajedrez Villaverde"]
[Site "Madrid ESP"]
[Date "2011.04.05"]
[Round "2.7"]
[White "Vazquez Gonzalez, Jesus"]
[Black "Martin-Consuegra Barrilero, Francisco Javier"]
[Result "1-0"]
[WhiteElo "2091"]
[BlackElo "1884"]
[PlyCount "139"]
[EventDate "2011.04.04"]
[EventType "swiss"]
[EventRounds "8"]
[EventCountry "ESP"]
[Source "lmi"]
[SourceDate "2011.04.04"]

1. e4 d6 2. d4 Nf6 3. Nc3 e5 4. Nf3 exd4 5. Nxd4 Be7 6. Be2 c6 7. O-O O-O 8. a4
a5 9. Bf4 Na6 10. Bf3 Nc5 11. Qe2 Ne6 12. Nxe6 fxe6 13. Rad1 d5 14. exd5 Nxd5
15. Bc1 Qc7 16. Bg4 Nxc3 17. Bxe6+ Kh8 18. bxc3 Bd6 19. Bxc8 Raxc8 20. g3 Rce8
21. Qg4 Rf7 22. Be3 b5 23. Bb6 Qxb6 24. Rxd6 Ref8 25. Qd4 Rb7 26. Qxb6 Rxb6 27.
axb5 Rxb5 28. Rxc6 Ra8 29. Ra1 h6 30. Ra2 a4 31. Rc4 a3 32. Rb4 Rd5 33. Rb3 Rd2
34. Rbxa3 Rxa3 35. Rxa3 Rxc2 36. Kg2 Kh7 37. Kf3 Kg6 38. Ke3 Kf5 39. h3 g5 40.
Ra5+ Kf6 41. Ra6+ Ke5 42. Rxh6 Rxc3+ 43. Ke2 Kf5 44. Rd6 Ke4 45. Re6+ Kf5 46.
Re3 Rc1 47. Kf3 Rh1 48. Kg2 Ra1 49. Rf3+ Kg6 50. Rf8 Ra3 51. Rg8+ Kf6 52. Rh8
Kg7 53. Rb8 Rc3 54. Rb4 Kf6 55. h4 gxh4 56. Rxh4 Kg5 57. f4+ Kf5 58. Rh5+ Kg6
59. Rd5 Kf6 60. Kh3 Rc8 61. g4 Rc1 62. g5+ Kg6 63. Rd6+ Kf5 64. Rf6+ Ke4 65.
Kg4 Rh1 66. Re6+ Kd5 67. Re8 Kd6 68. g6 Rg1+ 69. Kf5 Kd7 70. Re4 1-0

[Event "14. Torneo Club Ajedrez Villaverde"]
[Site "Madrid ESP"]
[Date "2011.04.05"]
[Round "2.8"]
[White "Martin Rodriguez, Emilio"]
[Black "Garcia Martinez, Jose Luis"]
[Result "1-0"]
[WhiteElo "2062"]
[BlackElo "1832"]
[PlyCount "51"]
[EventDate "2011.04.04"]
[EventType "swiss"]
[EventRounds "8"]
[EventCountry "ESP"]
[Source "lmi"]
[SourceDate "2011.04.04"]

1. d4 e6 2. c4 d5 3. Nc3 Nf6 4. Nf3 c6 5. Bg5 dxc4 6. e4 Be7 7. Bxc4 b5 8. Bd3
Bb7 9. O-O Nbd7 10. Qe2 O-O 11. Rfd1 c5 12. dxc5 Nxc5 13. Bxb5 Qc7 14. Bc4
Nfxe4 15. Nxe4 Nxe4 16. Bxe7 Qxe7 17. Rd4 Nf6 18. Rad1 a5 19. Nh4 Qc5 20. h3
Qc6 21. Qe5 Qb6 22. Rd6 Qc7 23. R1d4 Ne8 24. Rxe6 fxe6 25. Qxe6+ Kh8 26. Ng6+
1-0

[Event "14. Torneo Club Ajedrez Villaverde"]
[Site "Madrid ESP"]
[Date "2011.04.05"]
[Round "2.9"]
[White "Rottenwoehrer, Christoph"]
[Black "Lopez De Turiso, Jose Angel"]
[Result "0-1"]
[WhiteElo "1458"]
[BlackElo "2053"]
[PlyCount "76"]
[EventDate "2011.04.04"]
[EventType "swiss"]
[EventRounds "8"]
[EventCountry "ESP"]
[Source "lmi"]
[SourceDate "2011.04.04"]

1. c4 e5 2. g3 d6 3. Bg2 f5 4. Nc3 Nf6 5. d3 Be7 6. e3 O-O 7. Nge2 Qe8 8. O-O
c6 9. b3 g5 10. f4 Qh5 11. Qd2 h6 12. Bb2 Na6 13. Rae1 Bd7 14. Ba1 Rae8 15. Nd1
Bd8 16. Bb2 Rf7 17. Ba3 Bc7 18. Bb2 Qg6 19. b4 Rfe7 20. a3 Kh7 21. Bc3 Qh5 22.
Nc1 Rg8 23. Ne2 Ng4 24. h3 Nf6 25. Kh2 Reg7 26. Rh1 Qg6 27. Kg1 Nh5 28. g4 fxg4
29. Be4 Bf5 30. hxg4 Bxe4 31. gxh5 Qf5 32. Kf2 Bxh1 33. Rxh1 gxf4 34. Ke1 f3
35. e4 Qf6 36. Nf2 fxe2 37. Qxe2 Rg1+ 38. Kd2 Rxh1 0-1